Le roman : Initiation aux méthodes et aux techniques d’analyse littéraire (notice n° 2083388)

détails MARC
000 -LEADER
fixed length control field 01061cam a2200133 4500500
005 - DATE AND TIME OF LATEST TRANSACTION
control field 20260405005409.0
041 ## - LANGUAGE CODE
Language code of text/sound track or separate title fre
042 ## - AUTHENTICATION CODE
Authentication code dc
100 10 - MAIN ENTRY--PERSONAL NAME
Personal name Valette, Bernard
Relator term author
245 00 - TITLE STATEMENT
Title Le roman : Initiation aux méthodes et aux techniques d’analyse littéraire
260 ## - PUBLICATION, DISTRIBUTION, ETC.
Name of publisher, distributor, etc. Armand Colin,<br/>
Date of publication, distribution, etc. 2011.<br/>
520 ## - SUMMARY, ETC.
Summary, etc. Cet ouvrage présente les méthodes et techniques d'analyse du genre romanesque. Tout en rappelant les acquis de l'histoire littéraire, des approches thématiques et du structuralisme, il facilité l'initiation aux principales théories qui permettent actuellement d'étudier le vaste domaine de la fiction. Les modèles issus de la linguistique, de la pragmatique et de la sémiotique sont tout à tour abordés. Pour leur part, la poétique et la narratologie ouvrent à la recherche de multiples perspectives. Bernard Valette est agrégé de lettres modernes, docteur en littérature française et chargé de cours à Paris-VII.
856 41 - ELECTRONIC LOCATION AND ACCESS
Uniform Resource Identifier <a href="https://shs.cairn.info/le-roman--9782200259327?lang=fr&redirect-ssocas=7080">https://shs.cairn.info/le-roman--9782200259327?lang=fr&redirect-ssocas=7080</a>

Pas d'exemplaire disponible.

PLUDOC

PLUDOC est la plateforme unique et centralisée de gestion des bibliothèques physiques et numériques de Guinée administré par le CEDUST. Elle est la plus grande base de données de ressources documentaires pour les Étudiants, Enseignants chercheurs et Chercheurs de Guinée.

Adresse

627 919 101/664 919 101

25 boulevard du commerce
Kaloum, Conakry, Guinée

Réseaux sociaux

Powered by Netsen Group @ 2025